Normal view
MARC view
- الاحكام الاجنبية-القانون
Entry Topical Term
001 - CONTROL NUMBER
- control field: 58905
003 - CONTROL NUMBER IDENTIFIER
- control field: JO-AjAnu
005 - DATE AND TIME OF LATEST TRANSACTION
- control field: 20230606083633.0
008 - FIXED-LENGTH DATA ELEMENTS
- fixed length control field: 230606|| aca||aabn | a|a d
040 ## - CATALOGING SOURCE
- Original cataloging agency: JO-AjAnu
- Transcribing agency: JO-AjAnu
150 ## - HEADING--TOPICAL TERM
- Topical term or geographic name entry element: الاحكام الاجنبية-القانون
670 ## - SOURCE DATA FOUND
- Source citation: Work cat.: (JO-AjAnu)30048: اعدادالمرسومي، كفاح علي عبد؛ اشراف عبد الحكيم محسن عطروش, author 58904, تنفيذ الاحكام الاجنبية وآثارها القانونية: دراسة مقارنة في القانون العراقي والأردني =Implementation of Foreign Judgments and their Legal Effects: A Comparative study Between Iraqi and Jordanaian Law